Magyar-osztrák fizetési forgalom (A MNB 301. számú körlevele) /

Elmentve itt :
Bibliográfiai részletek
Szerző: Pethő Tibor
Dokumentumtípus: Cikk
Megjelent: 1938
Sorozat:Polgári jog : a hazai és külföldi magánjog és hiteljog szemléje 14
Kulcsszavak:Pénzügyi politika - külföldi fizetési forgalom
Online Access:http://misc.bibl.u-szeged.hu/6548
LEADER 00662nab a2200169 i 4500
001 misc6548
005 20191106142058.0
008 170607s1938 hu o 0|| hun d
040 |a SZTE Miscellanea Repozitórium  |b hun 
041 |a hun 
100 1 |a Pethő Tibor 
245 1 0 |a Magyar-osztrák fizetési forgalom   |h [elektronikus dokumentum] :  |b (A MNB 301. számú körlevele) /  |c  Pethő Tibor 
260 |c 1938 
300 |a 193a 
490 0 |a Polgári jog : a hazai és külföldi magánjog és hiteljog szemléje  |v 14 
695 |a Pénzügyi politika - külföldi fizetési forgalom 
856 4 0 |u http://misc.bibl.u-szeged.hu/6548/1/polgari_jog_1938_193a.pdf  |z Dokumentum-elérés